000 00417nam a22001457a 4500
005 20251205104100.0
008 251205b |||||||| |||| 00| 0 eng d
020 _a9781509878086
082 _aDFic St321 2021
100 _aSteel, Danielle.
_941707
245 _aThe wedding dress /
_cDanielle Steel.
260 _aLondon :
_bPan Books,
_c©2021.
300 _a361 pages :
_billustrations ;
_c20 cm.
942 _2ddc
_cDFIC
999 _c24213
_d24213